| 000 | 01244nam0a22002651 4500 | ||
|---|---|---|---|
| 001 | rc\995680 | ||
| 005 | 20041129101659.0 | ||
| 035 | _a(NLR Aleph) 006162557 | ||
| 090 |
_a5878658 _c5878658 |
||
| 100 | _a20041129d1981 u |0rusy50 ca | ||
| 101 | 0 | _arus | |
| 102 | _aRU | ||
| 105 | _ay ||||||||| | ||
| 200 | 1 |
_aРевизия и контроль в здравницах и хозяйствах профсоюзов _e(Метод. рекомендации для курсов повышения квалификации работников сан.-курорт. системы профсоюзов) _fС.И. Кунашов, Л.И. Ловчиди, В.В. Скуба _gПод общ. ред. С.И. Кунашова и к. э. н. доц. В.Д. Новодворского |
|
| 210 |
_aМ. _cБ. и. _d1981 |
||
| 215 |
_a193 с. _d20 |
||
| 300 | _aНа обл. авт. не указаны | ||
| 300 | _aВ надзаг.: Центр. совет по упр. курортами профсоюзов. Центр. метод. совет | ||
| 333 | _aДСП | ||
| 700 | 1 |
_aКунашов _bС. И. _gСергей Иванович |
|
| 801 | 0 |
_aRU _bNLR _gpsbo |
|
| 801 | 1 |
_aRU _bELAR _2rusmarc |
|
| 852 |
_aNLR _j81-50К/4278 |
||
| 942 | _cBOOK | ||
| 980 | _aNB | ||